Statystyki dla Powiaty w Świętokrzyskim

Kliknij tutaj aby rozwiązać quiz!

Ogólne statystyki

  • Ten quiz został rozwiązany 48 razy
  • Średni wynik to 11 z 14

Statystyki odpowiedzi

Powiaty% Poprawnych
kielecki
95%
ostrowiecki
83%
starachowicki
83%
opatowski
80%
buski
78%
jędrzejowski
78%
kazimierski
75%
sandomierski
75%
skarżyski
73%
staszowski
73%
Kielce
70%
pińczowski
70%
konecki
68%
włoszczowski
68%

Rozkład punktacji

Percentyl według liczby udzielonych odpowiedzi

Procent ludzi z każdym wynikiem

Twoja historia wyników

Nie rozwiązałeś tego quizu